Predstavlenije čisel kvadratičnymi formami

Guardado en:
Detalles Bibliográficos
Autor principal: Kogan, L.A (Autor)
Formato: Libro
Lenguaje:ruso
Publicado: Taškent : FAN, 1980
Etiquetas: Agregar Etiqueta
Sin Etiquetas, Sea el primero en etiquetar este registro!

MARC

LEADER 00000nam a22000003a 4500
001 stu90751
005 20150617225625.5
008 041006s1980------------------------rus-d
040 |a STU  |b slo 
041 0 |a rus 
100 1 |a Kogan, L.A.  |4 aut 
245 1 |a Predstavlenije čisel kvadratičnymi formami 
260 |a Taškent :  |b FAN,  |c 1980 
996 |b E48766  |c E*48766  |l EE03  |s P  |a 0  |w stu90751_0001